Poemas 1917-1930 /

Na minha lista:
Detalhes bibliográficos
Autor principal: Maiakovski, Vladimir (autor)
Formato: Livro
Idioma:espanhol
Publicado em: Madrid, España : Alberto Corazón, 1973, c1973
Colecção:(Visor de Poesía ; 30)
Assuntos:
Tags: Adicionar Tag
Sem tags, seja o primeiro a adicionar uma tag!

MARC

LEADER 00000nam^a2200000^a^4500
001 000391215
005 20250521000000.0
009 20260310121207.876
020 |a 84-7053-059-3 
037 |a Acervo ITESO - Biblioteca 
041 |a ESP 
082 |a 891. 7  |b MAI 
100 |a Maiakovski, Vladimir  |e (autor) 
245 1 0 |a Poemas 1917-1930 /  |c V. Maiakovski ; tr. por José Fernández Sánchez. 
264 4 |a Madrid, España :  |b Alberto Corazón,  |c 1973, c1973 
300 |a 129 p. 
336 |a texto  |b txt  |2 rdacontenido 
337 |a sin mediación  |b n  |2 rdamedio 
338 |a volumen  |b nc  |2 rdasoporte 
440 1 |a (Visor de Poesía ;  |v 30) 
545 0 |a Vladimir Maiakovski (1894-1930), escritor revolucionario, una de las figuras más relevantes de la poesía rusa de comienzos del siglo XX, iniciador del futurismo en su país. Poeta intenso, de gran fuerza, lleno de ternura pero contrario la ordenación fonética y a los versos formales, de clara militancia política, disloca en sus primeros versos los conceptos, las imágenes y las palabras, de la misma manera que hacen los futuristas en la pintura; más adelante, evolucionó hacia formas más narrativas. Comprometido con las causas sociales, usó la literatura con finalidades educativas, por lo que se auxilió de todos los géneros para hacerla más accesible: además de poesía, escribió teatro, guiones de cine, canciones, diseño carteles y realizó recitales abiertos, circo, títeres, etc. En su obra poética destaca Yo mismo, colección de versos; La nube en pantalones; La flauta vertebral; La blusa fatua; El violín y algo nervioso; Amo; Guerra y paz; Misterio bujo; Yo y Napoleón; ¡Lilita!; Himno al crítico; ¡Bien!; La chinche y Hablando a gritos, entre otros. 
649 |a XX 
650 |a Poesía Rusa 
650 |a Literatura Rusa -  |y Siglo XX 
910 |a Fondo Armando Suárez Gómez 
920 |a Impresos - Libros 
930 |a Fondos Especiales 
940 |a Literatura 
905 |a 111 
901 |a 0700005945  |b IT2  |c ESP  |u 20250521 
902 |a https://opac.biblio.iteso.mx/vufind/Record/000391215